000 00483nam a2200169 i 4500
001 bg
100 1 _aBIELEWICZ, Eugeniusz
_d(1923- ).
245 0 _aStatyka budowli.
_nCz. 1,
_pUkłady statyczne wyznaczalne /
_cEugeniusz Bielewicz, Andrzej Chudzikiewicz.
250 _aWyd. 2.
260 _aGdańsk,
_c1969.
700 1 _aCHUDZIKIEWICZ, Andrzej
_d(1949- ).
040 _cBPK
041 _apol
080 _a624.04(075.8)
942 _cKS
008 s pl f |000 0 pol
999 _c7267
_d7267
856 _uhttp://koha.tu.koszalin.pl/cgi-bin/koha/opac-detail.pl?biblionumber=7267
_yKatalog online BPK